Countries with High Speed Rail Networks by Population - Statistics

General Stats
  • This quiz has been taken 27 times
  • The average score is 21 of 26
Answer Stats
Capita pr. Kilometer Answer % Correct
42,426 China
100%
45,881 Japan
100%
6,007,326 United States
100%
27,313 Germany
95%
50,596 Italy
95%
173,820 Russia
95%
14,537 Spain
95%
48,247 United Kingdom
95%
20,328 France
90%
16,500 Portugal
90%
46,766 South Korea
90%
89,581 Denmark
86%
5,845 Finland
86%
98,804 Netherlands
86%
52,112 Norway
86%
6,054 Sweden
86%
68,553 Turkey
86%
15,325 Greece
81%
268,434 Poland
81%
25,287 Austria
76%
35,066 Belgium
76%
68,331 Taiwan
76%
93,521 Switzerland
71%
74,920 Saudi Arabia
52%
205,892 Morocco
38%
55,426 Uzbekistan
33%
No matching quizzes found
Score Distribution
Percent of People with Each Score
Percentile by Number Answered
Your Score History
You have not taken this quiz